[Event "Kiev Independence Cup-A 8th"]
[Site "Kiev"]
[Date "2008.08.21"]
[Round "9"]
[White "Semenova, Lidia K"]
[Black "Chornozem, Sergey"]
[Result "1-0"]
[WhiteElo "2213"]
[BlackElo "2102"]
[PlyCount "53"]
[EventDate "2008.08.13"]
[EventType "swiss"]
[EventRounds "11"]
[EventCountry "UKR"]
[SourceTitle "CBM 126 Extra"]
[Source "ChessBase"]
[SourceDate "2008.11.05"]
[SourceVersion "1"]
[SourceVersionDate "2008.11.05"]
[SourceQuality "1"]

1. e4 c5 2. Nf3 e6 3. d3 d6 4. Be2 Nf6 5. 0-0 Nc6 6. h3 Be7 7. Nbd2 0-0 8. Nh2 d5 9. c3 b6 10. f4 dxe4 11. dxe4 e5 12. f5 Bb7 13. Qc2 h6 14. Ng4 Nxg4 15. hxg4 Bg5 16. Nf3 Bxc1 17. Qxc1 Qf6 18. Qe3 Rad8 19. Rfd1 Nb8 20. Bc4 Rfe8 21. g5 hxg5 22. Nxg5 Rf8 23. Kf2 Rxd1 24. Rxd1 Bxe4 25. Nxe4 Qh4+ 26. Kg1 Nc6 27. Qf3 1-0

[Event "Kiev Independence Cup-A 8th"]
[Site "Kiev"]
[Date "2008.08.20"]
[Round "8"]
[White "Stavroyany, Sergey"]
[Black "Semenova, Lidia K"]
[Result "1-0"]
[WhiteElo "2236"]
[BlackElo "2213"]
[PlyCount "117"]
[EventDate "2008.08.13"]
[EventType "swiss"]
[EventRounds "11"]
[EventCountry "UKR"]
[SourceTitle "CBM 126 Extra"]
[Source "ChessBase"]
[SourceDate "2008.11.05"]
[SourceVersion "1"]
[SourceVersionDate "2008.11.05"]
[SourceQuality "1"]

1. g3 d5 2. Bg2 c6 3. Nf3 g6 4. 0-0 Bg7 5. d3 Bg4 6. Nbd2 Nd7 7. c4 Ngf6 8. Rb1 0-0 9. h3 Bxf3 10. Bxf3 Qc7 11. Qc2 Rac8 12. b4 a6 13. Bb2 Qb8 14. Rfc1 h5 15. a4 h4 16. g4 Bh6 17. e3 e5 18. Bg2 Rfe8 19. Rd1 Qd6 20. Qb3 Qe6 21. cxd5 Nxd5 22. Ba1 b5 23. Rbc1 Bf8 24. axb5 axb5 25. Rxc6 Qxc6 26. Bxd5 Qf6 27. f4 Re7 28. fxe5 Nxe5 29. Rf1 Qg5 30. Bd4 Bg7 31. Ne4 Qh6 32. Kh1 Rec7 33. Bxe5 Rc1 34. Bxf7+ Kh7 35. Bg8+ Rxg8 36. Rxc1 Qxe3 37. Qb2 Qxh3+ 38. Qh2 Qf3+ 39. Qg2 Qxg2+ 40. Kxg2 Bxe5 41. Rc5 Bb2 42. Rxb5 Rd8 43. Nc5 Kh6 44. Rb7 Bf6 45. Rf7 Bc3 46. b5 Bb4 47. Rd7 Rb8 48. Ne6 Bd2 49. Rd5 Rb6 50. Re5 Rd6 51. d4 g5 52. d5 Kg6 53. Nd4 Kf7 54. Nf3 Bf4 55. Nxg5+ Bxg5 56. Rxg5 Rb6 57. Rf5+ Kg6 58. d6 Rxd6 59. Kh3 1-0

[Event "Kiev Independence Cup-A 8th"]
[Site "Kiev"]
[Date "2008.08.14"]
[Round "2"]
[White "Semenova, Lidia K"]
[Black "Melnichuk, Mikhail"]
[Result "1/2-1/2"]
[WhiteElo "2213"]
[BlackElo "2290"]
[PlyCount "129"]
[EventDate "2008.08.13"]
[EventType "swiss"]
[EventRounds "11"]
[EventCountry "UKR"]
[SourceTitle "CBM 126 Extra"]
[Source "ChessBase"]
[SourceDate "2008.11.05"]
[SourceVersion "1"]
[SourceVersionDate "2008.11.05"]
[SourceQuality "1"]

1. e4 c5 2. Nf3 Nc6 3. Bb5 g6 4. 0-0 Bg7 5. c3 Nf6 6. Re1 0-0 7. d4 cxd4 8. cxd4 d5 9. e5 Ne4 10. Nc3 Nxc3 11. bxc3 Qa5 12. Qb3 Bg4 13. Nd2 Bh6 14. h3 Bf5 15. Nf3 Bxc1 16. Raxc1 Qb6 17. Qxd5 Be6 18. Qc5 Qxc5 19. dxc5 Rac8 20. Nd4 Nd8 21. c6 bxc6 22. Bf1 Rc7 23. a3 Bd5 24. c4 Be6 25. f4 c5 26. Nb3 Bd7 27. g4 Ba4 28. Nd2 Ne6 29. f5 Nd4 30. fxg6 fxg6 31. Bg2 Bc2 32. Re3 Rb8 33. Bd5+ Kg7 34. Rf1 e6 35. Be4 Rb2 36. Bxc2 Nxc2 37. Rb3 Ra2 38. Ne4 Nd4 39. Rb8 Nc6 40. Nxc5 Re7 41. Rb3 Re2 42. Nd3 Re3 43. Nc1 Rxe5 44. Kg2 Rc5 45. Rf4 Na5 46. Rb4 Rec7 47. Nb3 Nxb3 48. Rxb3 Rxc4 49. Rxc4 Rxc4 50. Rb7+ Kf6 51. Rxa7 Ke5 52. Rxh7 Rc2+ 53. Kg3 g5 54. Rf7 Kd4 55. a4 e5 56. Rd7+ Ke4 57. a5 Rc3+ 58. Kg2 Ra3 59. Rg7 Ra2+ 60. Kg3 Ra3+ 61. Kg2 Kf4 62. Rf7+ Ke4 63. Rf5 Ra2+ 64. Kg3 Ra3+ 65. Kg2 1/2-1/2

[Event "Kiev-ch"]
[Site "Kiev"]
[Date "2007.01.28"]
[Round "9"]
[White "Melnichuk, Mikhail"]
[Black "Semenova, Lidia K"]
[Result "1-0"]
[WhiteElo "2223"]
[BlackElo "2270"]
[PlyCount "167"]
[EventDate "2007.01.20"]
[EventType "swiss"]
[EventRounds "11"]
[EventCountry "UKR"]
[SourceTitle "CBM 116 Extra"]
[Source "ChessBase"]
[SourceDate "2007.03.07"]
[SourceVersion "1"]
[SourceVersionDate "2007.03.07"]
[SourceQuality "1"]

1. d4 d6 2. c4 e5 3. Nc3 Nd7 4. g3 c6 5. Bg2 Be7 6. Nf3 Qc7 7. 0-0 Ngf6 8. e4 h6 9. h3 Nh7 10. Be3 Ng5 11. Nh4 Nb6 12. c5 dxc5 13. dxe5 Nxh3+ 14. Kh2 Ng5 15. f4 g6 16. f5 gxf5 17. exf5 Nh7 18. f6 Bf8 19. Ng6 Rg8 20. Nxf8 Nxf8 21. Bxc5 Bg4 22. Qd2 Ne6 23. Ne4 Nc8 24. Bd6 Qb6 25. Bh3 Bxh3 26. Kxh3 Qd4 27. Qxd4 Nxd4 28. Rad1 Ne6 29. Rd3 Nb6 30. Rb3 0-0-0 31. Ra3 Nc4 32. Rxa7 Ng5+ 33. Nxg5 Nxd6 34. Ra8+ Kd7 35. Rxd8+ Kxd8 36. exd6 Rxg5 37. Re1 Rf5 38. Re7 Rxf6 39. Rxb7 Rxd6 40. Rxf7 Rd2 41. Rb7 Kc8 42. Rb3 Kc7 43. Kg4 Rd5 44. a4 Kd6 45. Ra3 Kc7 46. Rb3 Ra5 47. Rb4 Rd5 48. Kf4 Ra5 49. b3 Kd6 50. Rd4+ Kc7 51. Ke3 Rg5 52. Kf4 Ra5 53. Kg4 Rg5+ 54. Kf3 Rc5 55. b4 Rf5+ 56. Kg4 Rg5+ 57. Kh4 Re5 58. Rc4 Kb6 59. Rd4 c5 60. Rd6+ Kc7 61. bxc5 Rxc5 62. Rxh6 Rc4+ 63. g4 Rxa4 64. Re6 Kd7 65. Re2 Ra8 66. g5 Rh8+ 67. Kg4 Rg8 68. Kh5 Rh8+ 69. Kg6 Rh1 70. Kg7 Rh3 71. g6 Rh1 72. Kg8 Rh3 73. g7 Rh1 74. Re4 Rh2 75. Kf7 Rf2+ 76. Kg6 Rg2+ 77. Kf6 Kd6 78. Rd4+ Kc5 79. Rd8 Rf2+ 80. Ke7 Re2+ 81. Kd7 Rd2+ 82. Kc8 Rxd8+ 83. Kxd8 Kb6 84. g8Q 1-0

[Event "Kiev-ch"]
[Site "Kiev"]
[Date "2007.01.27"]
[Round "8"]
[White "Semenova, Lidia K"]
[Black "Tchoubar, Vladimir"]
[Result "1-0"]
[WhiteElo "2270"]
[BlackElo "2287"]
[PlyCount "63"]
[EventDate "2007.01.20"]
[EventType "swiss"]
[EventRounds "11"]
[EventCountry "UKR"]
[SourceTitle "CBM 116 Extra"]
[Source "ChessBase"]
[SourceDate "2007.03.07"]
[SourceVersion "1"]
[SourceVersionDate "2007.03.07"]
[SourceQuality "1"]

1. e4 e6 2. d4 d5 3. Nc3 dxe4 4. Nxe4 Qd5 5. Bd3 Nf6 6. Nxf6+ gxf6 7. Nf3 Rg8 8. g3 b6 9. c4 Bb4+ 10. Kf1 Qd7 11. Bxh7 Rh8 12. Be4 c6 13. h4 f5 14. Ne5 Qc7 15. Bf3 Bb7 16. Bf4 Qe7 17. c5 bxc5 18. a3 Ba5 19. dxc5 Bc7 20. b4 Rh7 21. Kg2 Bxe5 22. Bxe5 Nd7 23. Bd6 Qf6 24. b5 Rc8 25. bxc6 Bxc6 26. Bxc6 Rxc6 27. Qa4 Rc8 28. Rhd1 Qd8 29. Rab1 f4 30. Bxf4 Rxc5 31. Rb8 Rc8 32. Rxd7 1-0

[Event "Kiev Independence Cup-A 6th"]
[Site "Kiev"]
[Date "2006.08.13"]
[Round "1"]
[White "Baklan, Vladimir"]
[Black "Semenova, Lidia K"]
[Result "1-0"]
[WhiteElo "2621"]
[BlackElo "2280"]
[PlyCount "63"]
[EventDate "2006.08.13"]
[EventType "swiss"]
[EventRounds "11"]
[EventCountry "UKR"]
[SourceTitle "CBM 113 Extra"]
[Source "ChessBase"]
[SourceDate "2006.09.14"]
[SourceVersion "1"]
[SourceVersionDate "2006.09.14"]
[SourceQuality "1"]

1. e4 d6 2. d4 Nf6 3. Nc3 g6 4. g3 c6 5. Bg2 e5 6. Nge2 Nbd7 7. a4 a5 8. 0-0 h5 9. h3 h4 10. g4 Nh7 11. f4 f6 12. b3 Be7 13. Ba3 Nhf8 14. Qd3 Ne6 15. Rad1 Nxf4 16. Nxf4 exf4 17. Rxf4 0-0 18. d5 g5 19. Rff1 Qb6+ 20. Kh1 c5 21. e5 Rf7 22. Qg6+ Kf8 23. Ne4 Qd8 24. Bxc5 dxc5 25. d6 Ra6 26. dxe7+ Qxe7 27. Nd6 Rg7 28. exf6 Rxg6 29. fxe7+ Kxe7 30. Nxc8+ Ke8 31. Bxb7 Raf6 32. Rde1+ 1-0

[Event "Kiev Independence Cup-A 5th"]
[Site "Kiev"]
[Date "2005.08.16"]
[Round "5"]
[White "Semenova, Lidia K"]
[Black "Grinev, Valeriy"]
[Result "1-0"]
[WhiteElo "2271"]
[BlackElo "2241"]
[PlyCount "112"]
[EventDate "2005.08.12"]
[EventType "swiss"]
[EventRounds "11"]
[EventCountry "UKR"]
[SourceTitle "CBM 107 Extra"]
[Source "ChessBase"]
[SourceDate "2005.09.01"]
[SourceVersion "1"]
[SourceVersionDate "2005.09.01"]
[SourceQuality "1"]

1. e4 c6 2. d4 d5 3. exd5 cxd5 4. Bd3 Nc6 5. c3 Nf6 6. Nf3 Bg4 7. Nbd2 e6 8. Qb3 Qc7 9. h3 Bh5 10. Be2 Bd6 11. Nf1 0-0 12. Be3 Rab8 13. N1d2 b5 14. 0-0 b4 15. Rfc1 bxc3 16. Qxc3 Bxf3 17. Nxf3 Rb6 18. Ne5 Rc8 19. Nxc6 Rxc6 20. Qxc6 Qxc6 21. Rxc6 Rxc6 22. Kf1 Rc2 23. Rb1 Kf8 24. Bd3 Rc7 25. Ke2 Ke7 26. g4 h6 27. f3 Nd7 28. f4 Rc8 29. f5 Nf6 30. Rc1 Rb8 31. b3 Ne4 32. fxe6 Kxe6 33. Bxe4 dxe4 34. Rc6 Rb6 35. Rxb6 axb6 36. d5+ Kxd5 37. Bxb6 g6 38. Be3 Bf8 39. a4 Kc6 40. Bd2 f5 41. gxf5 gxf5 42. Ke3 h5 43. Kd4 Bg7+ 44. Kc4 Be5 45. b4 f4 46. b5+ Kb7 47. a5 e3 48. a6+ Ka7 49. Bb4 Bc7 50. Kd3 Bb6 51. Ke2 Bd4 52. Bd6 Kb6 53. Bb8 Bc5 54. Bxf4 Kxb5 55. Bxe3 Bxe3 56. Kxe3 Kxa6 1-0

[Event "Kiev Independence Cup-A 5th"]
[Site "Kiev"]
[Date "2005.08.12"]
[Round "10"]
[White "Semenova, Lidia K"]
[Black "Brozhik, Vasilij"]
[Result "1-0"]
[WhiteElo "2271"]
[BlackElo "2149"]
[PlyCount "61"]
[EventDate "2005.08.12"]
[EventType "swiss"]
[EventRounds "11"]
[EventCountry "UKR"]
[SourceTitle "CBM 107 Extra"]
[Source "ChessBase"]
[SourceDate "2005.09.01"]
[SourceVersion "1"]
[SourceVersionDate "2005.09.01"]
[SourceQuality "1"]

1. e4 d6 2. d4 Nf6 3. Nc3 g6 4. g3 Bg7 5. Bg2 0-0 6. Nge2 e5 7. 0-0 exd4 8. Nxd4 Nbd7 9. Nd5 Nxd5 10. exd5 Qf6 11. c3 a6 12. a4 Re8 13. Re1 Rxe1+ 14. Qxe1 Qe5 15. Qf1 Qe7 16. b3 Nc5 17. Bf4 Bf5 18. Nxf5 gxf5 19. Qc4 Re8 20. Be3 Ne4 21. Bxe4 fxe4 22. a5 Qd7 23. Rc1 f5 24. b4 Bf6 25. Qe2 Qg7 26. c4 Be5 27. Kh1 Qg6 28. c5 Qg4 29. Qxg4+ fxg4 30. c6 Rb8 31. Ba7 1-0

[Event "Kurass Memorial op 06th"]
[Site "Kiev"]
[Date "2005.06.27"]
[Round "7"]
[White "Semenova, Lidia K"]
[Black "Solomaha, Andrey"]
[Result "1/2-1/2"]
[WhiteElo "2271"]
[BlackElo "2384"]
[PlyCount "112"]
[EventDate "2005.06.21"]
[EventType "swiss"]
[EventRounds "9"]
[EventCountry "UKR"]
[SourceTitle "CBM 107 Extra"]
[Source "ChessBase"]
[SourceDate "2005.09.01"]
[SourceVersion "1"]
[SourceVersionDate "2005.09.01"]
[SourceQuality "1"]

1. e4 c5 2. Nf3 Nf6 3. e5 Nd5 4. d4 cxd4 5. Qxd4 e6 6. Bc4 Nc6 7. Qe4 Nb6 8. 0-0 d5 9. exd6 Nxc4 10. Qxc4 Bxd6 11. Nc3 0-0 12. Rd1 Qe7 13. Ne4 Ne5 14. Nxe5 Bxe5 15. Bd2 b5 16. Qxb5 Qc7 17. Bb4 Rb8 18. Qc5 Bxh2+ 19. Kh1 Re8 20. Qxc7 Bxc7 21. Bd6 Bxd6 22. Nxd6 Rd8 23. b3 Bd7 24. Rd2 Kf8 25. Rad1 Bc6 26. f3 Ke7 27. Kg1 Rd7 28. c4 Rbd8 29. c5 a5 30. Kf2 Rb8 31. Rd4 g6 32. Ke3 Rc7 33. Rc1 e5 34. Rh4 Ke6 35. Nc4 Rb4 36. Rxh7 a4 37. Nd2 axb3 38. axb3 Bd5 39. Rh8 Rb5 40. Re8+ Kf6 41. Ne4+ Bxe4 42. Kxe4 Rcxc5 43. Rxc5 Rxc5 44. Rb8 Ke6 45. Rb6+ Ke7 46. b4 Rc2 47. g4 Re2+ 48. Kd3 Rf2 49. Ke3 Rb2 50. b5 Rb4 51. Rb7+ Ke6 52. b6 f5 53. g5 f4+ 54. Kd3 Kf5 55. Rb8 Kxg5 56. b7 Rb1 1/2-1/2

[Event "Kurass Memorial op 06th"]
[Site "Kiev"]
[Date "2005.06.26"]
[Round "6"]
[White "Galinsky, Timofey"]
[Black "Semenova, Lidia K"]
[Result "1-0"]
[WhiteElo "2427"]
[BlackElo "2271"]
[PlyCount "83"]
[EventDate "2005.06.21"]
[EventType "swiss"]
[EventRounds "9"]
[EventCountry "UKR"]
[SourceTitle "CBM 107 Extra"]
[Source "ChessBase"]
[SourceDate "2005.09.01"]
[SourceVersion "1"]
[SourceVersionDate "2005.09.01"]
[SourceQuality "1"]

1. e4 b6 2. d4 Bb7 3. Nc3 e6 4. Bd3 Nf6 5. Nf3 Bb4 6. Qe2 d5 7. exd5 Qxd5 8. 0-0 Bxc3 9. bxc3 Qh5 10. a4 0-0 11. a5 Nbd7 12. Nd2 Qxe2 13. Bxe2 Nd5 14. Bf3 c6 15. a6 Bc8 16. c4 Nb4 17. c3 Nd3 18. Ba3 Nb8 19. Bxf8 Kxf8 20. g3 e5 21. Be4 exd4 22. Bxd3 dxc3 23. Nb1 Nxa6 24. Nxc3 Nb4 25. Be2 Bf5 26. g4 Be6 27. Rfd1 a5 28. Rd2 Ke7 29. Kg2 Kf6 30. f4 g6 31. Rf1 Re8 32. f5 gxf5 33. gxf5 Bc8 34. Na4 Rg8+ 35. Kh1 b5 36. Nc5 bxc4 37. Bxc4 Rg4 38. Bb3 a4 39. Bxa4 Nd5 40. Bd1 Rg5 41. Ne4+ Ke5 42. Nxg5 1-0

[Event "Kurass Memorial op 06th"]
[Site "Kiev"]
[Date "2005.06.21"]
[Round "1"]
[White "Semenova, Lidia K"]
[Black "Tereschenko, Andrey"]
[Result "1-0"]
[WhiteElo "2271"]
[BlackElo "1877"]
[PlyCount "27"]
[EventDate "2005.06.21"]
[EventType "swiss"]
[EventRounds "9"]
[EventCountry "UKR"]
[SourceTitle "CBM 107 Extra"]
[Source "ChessBase"]
[SourceDate "2005.09.01"]
[SourceVersion "1"]
[SourceVersionDate "2005.09.01"]
[SourceQuality "1"]

1. e4 e5 2. Nc3 Nf6 3. g3 d5 4. exd5 Nxd5 5. Bg2 Be6 6. Qe2 Nc6 7. Nf3 Nxc3 8. dxc3 Bd6 9. Ng5 Bd7 10. Bd5 0-0 11. Qh5 Bf5 12. Bxf7+ Kh8 13. Nxh7 g6 14. Qh6 1-0

[Event "Kiev-ch"]
[Site "Kiev"]
[Date "2005.01.29"]
[Round "10"]
[White "Galinsky, Timofey"]
[Black "Semenova, Lidia K"]
[Result "1-0"]
[WhiteElo "2416"]
[BlackElo "2257"]
[PlyCount "63"]
[EventDate "2005.01.15"]
[EventType "swiss"]
[EventRounds "11"]
[EventCountry "UKR"]
[SourceTitle "CBM 104 Extra"]
[Source "ChessBase"]
[SourceDate "2005.03.01"]
[SourceVersion "1"]
[SourceVersionDate "2005.03.01"]
[SourceQuality "1"]

1. e4 d6 2. d4 Nd7 3. Nf3 c6 4. a4 g6 5. Nc3 Bg7 6. Bc4 e6 7. 0-0 h6 8. Re1 Ne7 9. Bf4 e5 10. dxe5 dxe5 11. Be3 Qc7 12. a5 0-0 13. Qd2 Kh7 14. Red1 f5 15. exf5 gxf5 16. Qe2 Ng6 17. Ng5+ Kh8 18. Ne6 Qb8 19. Qh5 Nf4 20. Bxf4 exf4 21. Nxf8 Nxf8 22. Qf7 Kh7 23. Re1 Qd6 24. Re7 Qxe7 25. Qxe7 Bd7 26. Bf7 f3 27. Rd1 fxg2 28. Rxd7 Nxd7 29. Qxd7 f4 30. Kxg2 f3+ 31. Kxf3 Rf8 32. Qf5+ 1-0

[Event "Kiev-ch"]
[Site "Kiev"]
[Date "2005.01.17"]
[Round "3"]
[White "Shishkin, Vadim"]
[Black "Semenova, Lidia K"]
[Result "1-0"]
[WhiteElo "2488"]
[BlackElo "2257"]
[PlyCount "101"]
[EventDate "2005.01.15"]
[EventType "swiss"]
[EventRounds "11"]
[EventCountry "UKR"]
[SourceTitle "CBM 104 Extra"]
[Source "ChessBase"]
[SourceDate "2005.03.01"]
[SourceVersion "1"]
[SourceVersionDate "2005.03.01"]
[SourceQuality "1"]

1. d4 d6 2. Nf3 g6 3. c4 Bg7 4. Nc3 Nc6 5. d5 Bxc3+ 6. bxc3 Nb8 7. e4 e5 8. dxe6 Bxe6 9. Qd4 f6 10. c5 Nc6 11. Bb5 Bd7 12. Bxc6 Bxc6 13. Ba3 dxc5 14. Qxc5 Qe7 15. Qxc6+ bxc6 16. Bxe7 Nxe7 17. 0-0-0 Rd8 18. Kc2 Kf7 19. Rxd8 Rxd8 20. Rb1 Rd7 21. Rb8 c5 22. Rb5 Nc8 23. Rxc5 Nd6 24. e5 Ne4 25. Rc6 Re7 26. exf6 Nxf6 27. Ng5+ Kg7 28. Rxc7 Rxc7 29. Ne6+ Kf7 30. Nxc7 Ng4 31. Kd3 Nxh2 32. a4 Ke7 33. Nd5+ Kd6 34. Ne3 Kc5 35. Ke4 Kb6 36. Kd5 Kc7 37. Ke5 Kc6 38. Kf4 Kb6 39. Kg3 Ka5 40. Kxh2 Kxa4 41. Kg3 Kb3 42. c4 Kb4 43. Kf3 a5 44. Ke4 a4 45. Kd4 h5 46. c5 Kb5 47. Kd5 a3 48. c6 a2 49. Nc2 Ka4 50. c7 Kb3 51. c8Q 1-0

[Event "Kiev Independence Cup-A 4th"]
[Site "Kiev"]
[Date "2004.08.19"]
[Round "9"]
[White "Kharchenko, Boris"]
[Black "Semenova, Lidia K"]
[Result "1-0"]
[WhiteElo "2147"]
[BlackElo "2271"]
[PlyCount "115"]
[EventDate "2004.08.11"]
[EventType "swiss"]
[EventRounds "11"]
[EventCountry "UKR"]
[SourceTitle "EXT 2005"]
[Source "ChessBase"]
[SourceDate "2004.11.15"]
[SourceVersion "1"]
[SourceVersionDate "2004.11.15"]
[SourceQuality "1"]

1. e4 d6 2. d4 Nd7 3. Nc3 c6 4. Be3 e5 5. a4 Be7 6. g3 Ngf6 7. Bg2 0-0 8. Nge2 Re8 9. 0-0 b6 10. h3 Bb7 11. g4 d5 12. exd5 cxd5 13. dxe5 Nxe5 14. Nf4 Nc4 15. Ncxd5 Bxd5 16. Nxd5 Nxb2 17. Nxe7+ Rxe7 18. Qd4 Rc8 19. Qxb2 Rc4 20. Rad1 Qc7 21. Rd4 Rxc2 22. Rc1 Rc5 23. Rxc5 bxc5 24. Rc4 Nd7 25. Qb7 Qxb7 26. Bxb7 h5 27. Bc6 Ne5 28. Rxc5 hxg4 29. hxg4 Nxg4 30. Bd4 Re1+ 31. Kg2 Rd1 32. Rd5 Rc1 33. Rd8+ Kh7 34. Be4+ Kh6 35. Bxa7 Ra1 36. Bc6 f5 37. Bb6 Kg5 38. a5 Ne5 39. Bd5 Nd3 40. Kf3 Ra3 41. Ke2 Nf4+ 42. Ke1 Nd3+ 43. Kd2 Nxf2 44. Bb7 Ne4+ 45. Kc2 Ra2+ 46. Kb3 Ra1 47. Kb2 Ra4 48. Rd4 Rxd4 49. Bxd4 Nd6 50. a6 Nb5 51. Bb6 f4 52. Kb3 Kg4 53. Kb4 Nd6 54. a7 Nxb7 55. a8Q Nd6 56. Qg2+ Kf5 57. Qd5+ Kg4 58. Qxd6 1-0

[Event "Kiev Independence Cup-A 4th"]
[Site "Kiev"]
[Date "2004.08.16"]
[Round "6"]
[White "Semenova, Lidia K"]
[Black "Karnaukh, Anatolij"]
[Result "1/2-1/2"]
[WhiteElo "2271"]
[BlackElo "2278"]
[PlyCount "51"]
[EventDate "2004.08.11"]
[EventType "swiss"]
[EventRounds "11"]
[EventCountry "UKR"]
[SourceTitle "EXT 2005"]
[Source "ChessBase"]
[SourceDate "2004.11.15"]
[SourceVersion "1"]
[SourceVersionDate "2004.11.15"]
[SourceQuality "1"]

1. e4 e5 2. Nf3 Nf6 3. Nxe5 d6 4. Nc4 Nxe4 5. Ne3 d5 6. d3 Nf6 7. d4 c5 8. Bb5+ Nc6 9. 0-0 Be7 10. b3 0-0 11. Bxc6 bxc6 12. dxc5 Bxc5 13. Ba3 Bxa3 14. Nxa3 c5 15. c3 Qa5 16. Qc1 Rd8 17. Rd1 Be6 18. Qb2 Qb6 19. Nac2 a5 20. Rab1 Rab8 21. a3 Qc7 22. b4 axb4 23. axb4 Ng4 24. Nxg4 Bxg4 25. Rd2 Bf5 26. Rc1 1/2-1/2

[Event "Kiev Independence Cup-A 4th"]
[Site "Kiev"]
[Date "2004.08.12"]
[Round "2"]
[White "Semenova, Lidia K"]
[Black "Pavlov, Sergey1111"]
[Result "1/2-1/2"]
[WhiteElo "2271"]
[BlackElo "2353"]
[PlyCount "112"]
[EventDate "2004.08.11"]
[EventType "swiss"]
[EventRounds "11"]
[EventCountry "UKR"]
[SourceTitle "EXT 2005"]
[Source "ChessBase"]
[SourceDate "2004.11.15"]
[SourceVersion "1"]
[SourceVersionDate "2004.11.15"]
[SourceQuality "1"]

1. e4 Nf6 2. e5 Nd5 3. c4 Nb6 4. c5 Nd5 5. Nc3 Nxc3 6. dxc3 e6 7. Be3 Nc6 8. Nf3 b6 9. cxb6 axb6 10. Bd3 d5 11. 0-0 Be7 12. Qb1 Ba6 13. Bxa6 Rxa6 14. c4 dxc4 15. Rd1 Qa8 16. Qe4 b5 17. Qg4 g6 18. Bh6 Nb4 19. Nd4 Qb7 20. b3 c5 21. Ne2 cxb3 22. axb3 Rxa1 23. Rxa1 Nd5 24. Qf3 g5 25. h4 gxh4 26. Qg4 Bf8 27. Bxf8 Rxf8 28. Qxh4 Kd7 29. Qxh7 Kc6 30. Ng3 Kb6 31. Ne4 Nf4 32. Rd1 Rc8 33. f3 Rc6 34. Nd6 Qc7 35. Kf2 Ng6 36. Qg7 Qa7 37. Qxf7 Qxf7 38. Nxf7 c4 39. bxc4 bxc4 40. Nd8 Rc5 41. Rd6+ Ka7 42. Nxe6 Rc8 43. Nd4 Nxe5 44. Nb5+ Kb8 45. Nc3 Nd3+ 46. Ke3 Ne1 47. g4 Rf8 48. f4 Ng2+ 49. Kf3 Nxf4 50. Ke4 Nh3 51. Kd5 Rf3 52. Kxc4 Nf2 53. Nd5 Nxg4 54. Kc5 Rb3 55. Kc4 Rb1 56. Nb4 Kc7 1/2-1/2

[Event "Sakharov Memorial op 3rd"]
[Site "Kiev"]
[Date "2004.07.24"]
[Round "3"]
[White "Semenova, Lidia K"]
[Black "Moiseev, Igor"]
[Result "1-0"]
[WhiteElo "2280"]
[BlackElo "2246"]
[PlyCount "74"]
[EventDate "2004.07.18"]
[EventType "swiss"]
[EventRounds "9"]
[EventCountry "UKR"]
[SourceTitle "EXT 2008"]
[Source "ChessBase"]
[SourceDate "2007.11.25"]
[SourceVersion "1"]
[SourceVersionDate "2007.11.25"]
[SourceQuality "1"]

1. e4 c5 2. Nf3 a6 3. d4 cxd4 4. Nxd4 Nf6 5. Bd3 e5 6. Nb3 d5 7. exd5 Qxd5 8. 0-0 Be6 9. Nc3 Qd7 10. Qe2 Nc6 11. Bg5 Be7 12. Rad1 Qc7 13. Bxf6 Bxf6 14. Be4 0-0 15. Nc5 Nd4 16. Qh5 g6 17. Nxe6 fxe6 18. Qh3 Rad8 19. Bd3 Be7 20. Ne4 Kg7 21. c3 Nf5 22. Qg4 Rd5 23. Ng5 Bxg5 24. Qxg5 Rfd8 25. Bc2 Rxd1 26. Rxd1 Rxd1+ 27. Bxd1 Qd6 28. Bc2 e4 29. Qc1 Qd5 30. Bb3 Qe5 31. Qd2 e3 32. fxe3 Nxe3 33. Qd7+ Kh6 34. Qxe6 Qg5 35. Qh3+ Kg7 36. Qd7+ Kh6 37. Qd2 Qf4 1-0

[Event "Kurass Memorial op 05th"]
[Site "Kiev"]
[Date "2004.06.22"]
[Round "5"]
[White "Semenova, Lidia K"]
[Black "Kernazhitsky, Leonid"]
[Result "0-1"]
[WhiteElo "2271"]
[BlackElo "2355"]
[PlyCount "80"]
[EventDate "2004.06.18"]
[EventType "swiss"]
[EventRounds "9"]
[EventCountry "UKR"]
[SourceTitle "CBM 101 Extra"]
[Source "ChessBase"]
[SourceDate "2004.09.01"]
[SourceVersion "2"]
[SourceVersionDate "2004.09.01"]
[SourceQuality "1"]

1. e4 c5 2. Nf3 Nc6 3. Bb5 e6 4. 0-0 Nge7 5. c3 a6 6. Bxc6 Nxc6 7. d4 d5 8. e5 Be7 9. Be3 b6 10. Ne1 0-0 11. f4 f6 12. Nd2 Bd7 13. Kh1 Be8 14. Qg4 Qd7 15. Nef3 Bg6 16. Qh3 Rac8 17. exf6 Rxf6 18. dxc5 bxc5 19. Rfe1 Bd6 20. g3 Qb7 21. b3 e5 22. fxe5 Nxe5 23. Kg1 Nxf3+ 24. Nxf3 Bf5 25. Qh5 Qc7 26. Bg5 Bg6 27. Qg4 h5 28. Qa4 Rxf3 29. Qxa6 Be4 30. Rad1 Qc6 31. Qxc6 Rxc6 32. c4 Bxg3 33. cxd5 Bf2+ 34. Kg2 Bxe1 35. dxc6 Rd3+ 36. Kf1 Rxd1 37. Ke2 Rb1 38. c7 Bf5 39. a4 Ba5 40. Bd8 Bc8 0-1

[Event "Kurass Memorial op 05th"]
[Site "Kiev"]
[Date "2004.06.21"]
[Round "4"]
[White "Brozhik, Vasilij"]
[Black "Semenova, Lidia K"]
[Result "0-1"]
[WhiteElo "2140"]
[BlackElo "2271"]
[PlyCount "72"]
[EventDate "2004.06.18"]
[EventType "swiss"]
[EventRounds "9"]
[EventCountry "UKR"]
[SourceTitle "CBM 101 Extra"]
[Source "ChessBase"]
[SourceDate "2004.09.01"]
[SourceVersion "2"]
[SourceVersionDate "2004.09.01"]
[SourceQuality "1"]

1. Nf3 d6 2. d4 Nd7 3. e4 c6 4. b3 g6 5. Bb2 Bg7 6. Be2 Ngf6 7. 0-0 Nxe4 8. Bd3 Nef6 9. Re1 0-0 10. Qe2 Re8 11. Nbd2 a6 12. c4 b5 13. Rac1 Bb7 14. h3 bxc4 15. bxc4 c5 16. d5 Rb8 17. Bc3 e6 18. dxe6 Rxe6 19. Qd1 Rxe1+ 20. Qxe1 Nh5 21. Bxg7 Nxg7 22. Rb1 Bxf3 23. Nxf3 Rxb1 24. Bxb1 Ne6 25. Qd2 Ne5 26. Qd5 Nxf3+ 27. Qxf3 Nd4 28. Qd5 Qa5 29. Qe4 Qd2 30. Bd3 Kg7 31. h4 h5 32. a3 a5 33. Bf1 Qd1 34. Qe7 Nb3 35. Qe2 Qc1 36. Qd3 Nd2 0-1